GENESIS CHHUI ZAUNA (BUNG 1 - 11) (Record no. 16)

MARC details
000 -LEADER
fixed length control field 00378nam a2200157Ia 4500
003 - CONTROL NUMBER IDENTIFIER
control field OSt
005 - DATE AND TIME OF LATEST TRANSACTION
control field 20241126110327.0
008 - FIXED-LENGTH DATA ELEMENTS--GENERAL INFORMATION
fixed length control field 160509b xxu||||| |||| 00| 0 eng d
040 ## - CATALOGING SOURCE
Transcribing agency GBC
082 ## - DEWEY DECIMAL CLASSIFICATION NUMBER
Classification number 222.11
Item number LAL
100 ## - MAIN ENTRY--PERSONAL NAME
Personal name "LALTHANLIANA, R."
245 ## - TITLE STATEMENT
Title GENESIS CHHUI ZAUNA (BUNG 1 - 11)
260 ## - PUBLICATION, DISTRIBUTION, ETC.
Name of publisher, distributor, etc. THE EVANGELICAL FREE CHURCH OF BURMA
260 ## - PUBLICATION, DISTRIBUTION, ETC.
Date of publication, distribution, etc. 1977
942 ## - ADDED ENTRY ELEMENTS (KOHA)
Source of classification or shelving scheme Dewey Decimal Classification
Koha item type Books
Holdings
Withdrawn status Lost status Source of classification or shelving scheme Damaged status Not for loan Home library Current Library Shelving location Date acquired Total checkouts Full call number Barcode Date last seen Price effective from Koha item type
    Dewey Decimal Classification     GRACE BIBLE COLLEGE GRACE BIBLE COLLEGE Vernacular 2016-05-09   222.11/LAL 001026 2025-05-01 2016-05-09 Books
© Grace Bible College Library 2025